MARC details
| 000 -CABECERA |
| campo de control de longitud fija |
01084cam a2200289 a 4500 |
| 001 - NÚMERO DE CONTROL |
| campo de control |
000019066 |
| 005 - FECHA Y HORA DE LA ÚLTIMA TRANSACCIÓN |
| campo de control |
20200929165920.0 |
| 008 - DATOS DE LONGITUD FIJA--INFORMACIÓN GENERAL |
| campo de control de longitud fija |
070716s2007 sp b s000 0bspa d |
| 020 ## - NÚMERO INTERNACIONAL ESTÁNDAR DEL LIBRO |
| Número Internacional Estándar del Libro |
9788479088958 |
| 020 ## - NÚMERO INTERNACIONAL ESTÁNDAR DEL LIBRO |
| Número Internacional Estándar del Libro |
8479088958 |
| 040 ## - FUENTE DE LA CATALOGACIÓN |
| Centro catalogador/agencia de origen |
DO-SdBNP |
| Lengua de catalogación |
spa |
| Centro/agencia transcriptor |
LC |
| Centro/agencia modificador |
BNPHU |
| 050 00 - SIGNATURA TOPOGRÁFICA DE LA BIBLIOTECA DEL CONGRESO |
| Número de clasificación |
F1230.C835 |
| Número de documento/Ítem |
P45 2007 |
| 082 ## - NÚMERO DE LA CLASIFICACIÓN DECIMAL DEWEY |
| Número de clasificación |
nn* |
| Número de documento/Ítem |
P392s |
| 049 ## - FONDOS LOCALES (OCLC) |
| Fondos de biblioteca |
BNGR |
| 100 1# - ENTRADA PRINCIPAL--NOMBRE DE PERSONA |
| Nombre de persona |
Pellús Pérez, Elena. |
| 9 (RLIN) |
41016 |
| 245 10 - MENCIÓN DE TÍTULO |
| Título |
Sobre las hazañas de Hernán Cortés : |
| Resto del título |
estudio y traducción / |
| Mención de responsabilidad, etc. |
Elena Pellús Pérez ; prólogo José Antonio Mazzotti. |
| 260 ## - PUBLICACIÓN, DISTRIBUCIÓN, ETC. |
| Lugar de publicación, distribución, etc. |
[Alicante, España] : |
| Nombre del editor, distribuidor, etc. |
Universidad de Alicante, |
| Fecha de publicación, distribución, etc. |
2007. |
| 300 ## - DESCRIPCIÓN FÍSICA |
| Extensión |
197 p. ; |
| Dimensiones |
18 cm. |
| 490 1# - MENCIÓN DE SERIE |
| Mención de serie |
Cuadernos de América sin nombre, |
| Designación de volumen o secuencia |
18 |
| 504 ## - NOTA DE BIBLIOGRAFÍA, ETC. |
| Nota de bibliografía, etc. |
Bibliografía p. 187-194. |
| 600 10 - PUNTO DE ACCESO ADICIONAL DE MATERIA--NOMBRE DE PERSONA |
| Nombre de persona |
Cortes, Hernan, |
| Fechas asociadas al nombre |
1485-1547. |
| 9 (RLIN) |
41017 |
| 651 #0 - PUNTO DE ACCESO ADICIONAL DE MATERIA--NOMBRE GEOGRÁFICO |
| Nombre geográfico |
Mexico |
| Subdivisión general |
History |
| Subdivisión cronológica |
Conquest, 1519-1540 |
| Subdivisión de forma |
Sources. |
| 9 (RLIN) |
41018 |
| 650 #0 - PUNTO DE ACCESO ADICIONAL DE MATERIA--TÉRMINO DE MATERIA |
| Término de materia o nombre geográfico como elemento de entrada |
Conquerors |
| Subdivisión geográfica |
Mexico |
| Subdivisión de forma |
Biography. |
| 9 (RLIN) |
41019 |
| 630 00 - PUNTO DE ACCESO ADICIONAL DE MATERIA--TÍTULO UNIFORME |
| Título uniforme |
De rebus gestis Ferdinandi Cortesii. |
| Lenguaje de la obra |
Spanish & Latin. |
| 9 (RLIN) |
41020 |
| 830 #0 - PUNTO DE ACCESO ADICIONAL DE SERIE-TÍTULO UNIFORME |
| Título uniforme |
Cuadernos de América sin nombre ; |
| Designación de volumen o secuencia |
18 |
| 9 (RLIN) |
7436 |
| 910 ## - DATOS DE OPCIÓN DEL USUARIO (OCLC) |
| Datos de opción del usuario |
Catalogación derivada / LC |